| 000 | 00654nam a2200193 i 4500 | ||
|---|---|---|---|
| 001 | 141577 | ||
| 003 | ES-MaACL | ||
| 007 | t| | ||
| 008 | 070925s1982 sp ||||1| spa d | ||
| 080 | _a929 Maximiliano Kolbe, Santo | ||
| 100 | 1 |
_aVillepelée, Jean-François. _9115251 |
|
| 245 | 1 | 0 |
_aTras las huellas de Maximiliano Kolbe / _cJean-François Villepelée ; [traducido por Valentín Redondo]. |
| 260 |
_a[Madrid] : _bEdic. Paulinas, _c[1982] |
||
| 300 |
_a159 p. ; _c21 cm. |
||
| 600 | 0 | 4 |
_aMaximiliano Kolbe, _cSanto, _d1894-1941 _979304 |
| 700 | 1 |
_aRedondo, Valentín. _995824 |
|
| 852 |
_aES-MaACL _jL-3892 _bR.104875 |
||
| 999 |
_c141577 _d141577 |
||